000 01350nam a2200229Ia 4500
003 Ost
005 20260507075354.0
008 260507s9999||||xx |||||||||||||| ||und||
040 _cfsecg
041 _aara
082 _a330
100 _aعجمية، محمد عبد العزيز
_eمؤلف
245 0 _aالتنمية الإقتصادية ومشكلاتها :
_bمشاكل الفقر-التلوث البيئي-التنمية المستديمة /
_c محمد عبد العزيز عجمية
260 _aالإسكندرية:
_bدار التعليم الجامعي,
_c2013
300 _a190 صفحة؛
_bإيضاحات ؛
_c24 سم
520 _aمشكلة قياس النمو الإقتصادي والتنمية الإقتصادية- مشكلة البطالة في مصر- العولمة وأثرها على النمو الإقتصادي في مصر- التغيرات في توزيع الدخل في مصر خلال فترة الإصلاح الإقتصادي دراسة تحليلية- مشكلة الفقر وواقعها في مصر- مشكلة التلوث البيئي والتنمية المستديمة
653 _aالتنمية الإقتصادية
653 _aمشاكل التنمية
653 _aمشكلات اجتماعية
700 _aنجا، علي عبد الوهاب
_eمؤلف ثانوي
942 _cكتاب
999 _c44186
_d44186